LEADER 01522nam0 2200385 450 001 000030385 005 20120315124112.0 010 $a978-88-7959-619-0$dEUR70.00 100 $a20120315d2010----km-y0itaa50------ba 101 1 $aita 102 $aIT 200 1 $aAnatomia umana. Con DVD$fFrederic H. Martini, Michael J. Timmons, Robert B. Tallitsch$gcon William C. Ober ... [et al.]$gedizione italiana a cura di Lucio Cocco... [et al.] 205 $a4. ed 210 $aNapoli$cEdiSES$d2010 215 $aXXVII, 867 p.$cill.$d30 cm.$e1 CD-ROM$etavole di anatomia macroscopica e radiologica con legatura a spirale 300 $aIl CD-ROM contiene materiale didattico interattivo 454 1$12001$aHuman anatomy$914080 606 1 $aAnatomia 676 $a611$v(22. ed.)$9Anatomia, citologia, istologia umana 700 1$aMartini,$bFrederic H.$0291663 701 1$aTimmons,$bMichael J.$0289809 701 1$aTallitsch,$bRobert B.$0286593 702 1$aCocco,$bLucio 702 1$aOber,$bWilliam C. 801 0$aIT$bUniversità della Basilicata - B.I.A.$gRICA$2unimarc 912 $a000030385 996 $aHuman anatomy$914080 997 $aUNIBAS BAS $aFARMACIA CAT $aLCR$b01$c20120125$lBAS01$h0819 CAT $aTTM$b30$c20120313$lBAS01$h1130 CAT $aFCL$b05$c20120315$lBAS01$h1133 CAT $aTTM$b30$c20120315$lBAS01$h1241 FMT Z30 -1$lBAS01$LBAS01$mBOOK$1BASA2$APolo Tecnico-Scientifico$2DID$BDidattica$3PTS.s4.p43.10$6110450$5T110450$820120315$f98$FConsultazione LEADER 01348nam2 22003253i 450 001 AQ10075729 005 20231121125407.0 100 $a20150731d1974 ||||0itac50 ba 101 | $aita 102 $ait 181 1$6z01$ai $bxxxe 182 1$6z01$an 200 1 $a˜[2]: œScelta di scritti critici e ricordi$fdi Francesco De Sanctis$ga cura di Gianfranco Contini 210 $aTorino$cUnione Tipografico-Editrice Torinese$dstampa 1974 215 $a713 p.$d23 cm. 461 1$1001BAS0280400$12001 $aOpere$fdi Francesco De Sanctis$v2 606 $aLetteratura italiana$xStoria$2FIR$3RMLC003162$9E 676 $a809$9Studi critici di piu' di una letteratura$v21 676 $a850.9$9LETTERATURA ITALIANA. STORIA, DESCRIZIONE, STUDI CRITICI$v21 676 $a858$9MISCELLANEA ITALIANA$v14 700 1$aDe Sanctis$b, Francesco$f <1817-1883>$3MILV041882$4070$0293282 702 1$aContini$b, Gianfranco$f <1912-1990>$3CFIV008734 801 3$aIT$bIT-01$c20150731 850 $aIT-FR0017 899 $aBiblioteca umanistica Giorgio Aprea$bFR0017 $eN 912 $aAQ10075729 950 2$aBiblioteca umanistica Giorgio Aprea$d 52S.L. 850 UTET DeS.2$e 52MAG0000154125 VMB RS $fC $h20150731$i20150731 977 $a 52 996 $aScelta di Scritti critici e Ricordi$9528721 997 $aUNICAS